|
|
|
|
| LEADER |
01218nam a2200325 4500 |
| 001 |
DLU110122706 |
| 005 |
##20110627 |
| 040 |
# |
# |
|a DLU
|b vie
|
| 041 |
# |
# |
|a vie
|
| 044 |
# |
# |
|a vn
|
| 082 |
# |
# |
|a 301
|b LU-U
|
| 100 |
# |
# |
|a Lương Văn Úc,
|c ThS.
|
| 245 |
# |
# |
|a Hướng dẫn học tập môn xã hội học /
|c Lương Văn Úc.
|
| 250 |
# |
# |
|a Tái bản có sửa chữa.
|
| 260 |
# |
# |
|a H. :
|b Đại học Kinh tế Quốc dân,
|c 2010.
|
| 300 |
# |
# |
|a 207 tr. ;
|c 21 cm.
|
| 504 |
# |
# |
|a Tài liệu tham khảo: tr.201.
|
| 505 |
# |
# |
|a Chương I. Tổng quan về xã hội học -- Chương II. Cơ cấu xã hội -- Chương III. Tổ chức xã hội -- Chương IV. Thiết chế xã hội -- Chương V. Văn hoá -- Chương VI. Xã hội hoá -- Chương VII. Đời sống xã hội -- Chương VIII. Sự biến đổi xã hội và tính hiện đại -- Chương IX. Các phương pháp nghiên cứu xã hội học.
|
| 650 |
# |
# |
|a Xã hội học
|v Giáo trình.
|
| 923 |
# |
# |
|a 08/2011
|
| 991 |
# |
# |
|a GT
|
| 992 |
# |
# |
|a 30000
|
| 994 |
# |
# |
|a DLU
|
| 900 |
# |
# |
|a True
|
| 911 |
# |
# |
|a Đào Thị Thu Huyền
|
| 925 |
# |
# |
|a G
|
| 926 |
# |
# |
|a A
|
| 927 |
# |
# |
|a SH
|
| 980 |
# |
# |
|a Thư viện Trường Đại học Đà Lạt
|